| 000 | 00354 a2200133 4500 | ||
|---|---|---|---|
| 001 | 89153 | ||
| 082 | _a891.4393 JAH | ||
| 090 |
_c42101 _d42101 |
||
| 100 | _aJah, Muhammad Hussain | ||
| 245 |
_aTelsumhosh ruba vol. 3 _cMuhammad Hussain Jah |
||
| 260 |
_aKarachi _bOxford University Press _c2011 |
||
| 300 |
_a289 p. _bHb |
||
| 500 | _aurdu literature | ||
| 942 |
_aCAE NUST _k891.4393 JAH |
||
| 999 |
_c324226 _d324226 |
||